Zgadnij miejsce po zdjęciu z Berlina - Statystyki

Ogólne statystyki
  • Ten quiz został rozwiązany 24 razy
  • Średni wynik to 5 z 16
Statystyki odpowiedzi
Obrazkowy Odpowiedź % Poprawnych
Brama Brandenburska
84%
Bundestag
58%
Alexanderplatz
42%
Checkpoint Charlie
42%
ZOO
42%
S-bahn
37%
U-bahn
37%
East Side Gallery
26%
Hauptbahnhof
21%
Kaulsdorf Nord
21%
Aquadom
11%
Kościół św. Wilhelma
11%
Oberbaumbrücke
11%
Postdamer Platz
11%
Siegessäule
11%
Wannsee
11%
Nie znaleziono quizów pasujących do podanych kryteriów
Rozkład punktacji
Procent ludzi z każdym wynikiem
Percentyl według liczby udzielonych odpowiedzi
Twoja historia wyników
Nie rozwiązałeś tego quizu